4 to 13 Letter 'H' Places Quiz Stats

 Plays Quiz Updated Jul 16, 2017

Support Sporcle.
Go Orange.
Score 0/10 Timer 02:00
6 Plays Today
Clue 'H'-Place % Correct
First Caribbean country to gain independence from EuropeHaiti
95.4%
Capital of CubaHavana
94.9%
Serbian neighbor countryHungary
82.7%
Flows from north to south primarily through eastern New York (two words)Hudson River
79.1%
Vietnam's most populous city (four words)Ho Chi Minh City
70.6%
Caribbean island with two countries within itHispaniola
60.3%
Second largest Japanese islandHokkaido
50.8%
Largest county in South East EnglandHampshire
45.8%
Largest census designated place (CDP) in Hawaii CountyHilo
34.1%
The largest of this Tasmanian island group in the Bass Strait (two words)Hunter Island
2.7%

You're not logged in!

Compare scores with friends on all Sporcle quizzes.
OR
Log In
Forgot?

From the Vault

Baseball Hall of Fame or Not?

by ductilescarab90

These guys really made it to the top. Or at least some of them did.
Remove Ads.
Support Sporcle.
Get the best of Sporcle when you Go Orange. This ad-free experience offers more features, more stats, and more fun while also helping to support Sporcle. Thank you for becoming a member.

Show Comments

Extras

Top Quizzes Today


Score Distribution

Your Account Isn't Verified!

In order to create a playlist on Sporcle, you need to verify the email address you used during registration. Go to your Sporcle Settings to finish the process.

Report this User

Report this user for behavior that violates our Community Guidelines.

Details: